Từ điển bách khoa tương tác cho trẻ em : Anh - Hoa - Việt

שמור ב:
מידע ביבליוגרפי
פורמט: ספר
שפה:Undetermined
יצא לאור: Thành phố Hồ Chí Minh Tổng hợp Thành phố Hồ Chí Minh 2012
נושאים:
תגים: הוספת תג
אין תגיות, היה/י הראשונ/ה לתייג את הרשומה!
Thư viện lưu trữ: Trung tâm Học liệu Trường Đại học Cần Thơ
LEADER 00628nam a2200181Ia 4500
001 CTU_193196
008 210402s9999 xx 000 0 und d
020 |c 65000 
082 |a 423 
082 |b T550 
245 0 |a Từ điển bách khoa tương tác cho trẻ em : 
245 0 |b Anh - Hoa - Việt 
260 |a Thành phố Hồ Chí Minh 
260 |b Tổng hợp Thành phố Hồ Chí Minh 
260 |c 2012 
650 |a English dictionary,Chinese dictionary,Vietnamese dictionary,Từ điển tiếng Anh 
910 |a Hải 
980 |a Trung tâm Học liệu Trường Đại học Cần Thơ